[Event "1.Frauenbundesliga 2018-19"]
[Site "Germany"]
[Date "2019.01.13"]
[Round "6.9"]
[White "Schmidt, Jessica"]
[Black "Gosciniak, Maria"]
[Result "0-1"]
[WhiteElo "2259"]
[BlackElo "2091"]
[Annotator "NA"]
[PlyCount "114"]
[EventDate "2018.10.27"]
[EventType "team-tourn"]
[EventCountry "GER"]
[SourceTitle "playchess.com"]
[Source "ChessBase"]
[SourceQuality "1"]
[TimeControl "40/5400+30:1800+30"]

1. d4 {[%emt 0:03:30]} e6 {[%emt 0:00:30]} 2. Nf3 {[%emt 0:00:00]} b6 {[%emt 0:01:30]} 3. g3 {[%emt 0:00:00]} Bb7 {[%emt 0:00:00]} 4. Bg2 {[%emt 0:00:30]} c5 {[%emt 0:04:00]} 5. dxc5 {[%emt 0:02:30]} bxc5 {[%emt 0:01:30]} 6. O-O {[%emt 0:00:30]} Be7 {[%emt 0:01:30]} 7. c4 {[%emt 0:01:30]} Nf6 {[%emt 0:01:30]} 8. Nc3 {[%emt 0:02:30]} O-O {[%emt 0:02:30]} 9. Bf4 {[%emt 0:01:30]} d6 {[%emt 0:22:30]} 10. Qb3 {[%emt 0:06:30]} Bc6 {[%emt 0:10:30]} 11. Rfd1 {[%emt 0:02:30]} Nh5 {[%emt 0:09:30]} 12. Be3 {[%emt 0:06:30]} Nd7 {[%emt 0:01:30]} 13. Ne1 {[%emt 0:04:30]} Bxg2 {[%emt 0:03:30]} 14. Nxg2 {[%emt 0:00:30]} Rb8 {[%emt 0:01:30]} 15. Qc2 {[%emt 0:04:30]} Qb6 {[%emt 0:00:30]} 16. b3 {[%emt 0:02:30]} Rfd8 {[%emt 0:08:30]} 17. Nf4 {[%emt 0:06:30]} Nhf6 {[%emt 0:06:30]} 18. h3 {[%emt 0:02:30]} Qc6 {[%emt 0:00:30]} 19. Rac1 {[%emt 0:12:30]} a6 {[%emt 0:00:30]} 20. Ng2 {[%emt 0:03:30]} Rbc8 {[%emt 0:00:30]} 21. g4 {[%emt 0:03:30]} h6 {[%emt 0:00:30]} 22. Bf4 {[%emt 0:02:30]} d5 {[%emt 0:00:30]} 23. cxd5 {[%emt 0:01:30]} exd5 {[%emt 0:00:30]} 24. Ne3 {[%emt 0:09:30]} Nb6 {[%emt 0:08:15]} 25. Nf5 {[%emt 0:00:30]} Bf8 {[%emt 0:00:01]} 26. a4 {[%emt 0:00:30]} d4 {[%emt 0:02:47]} 27. Nb1 {[%emt 0:05:37]} Qe6 {[%emt 0:00:33]} 28. Bh2 {[%emt 0:04:37]} Nbd5 {[%emt 0:01:21]} 29. Qc4 {[%emt 0:02:14]} g6 {[%emt 0:07:39]} 30. Nh4 {[%emt 0:01:30]} Ne4 {[%emt 0:00:55]} 31. Ng2 {[%emt 0:04:35]} Ng5 {[%emt 0:00:39]} 32. Rd3 {[%emt 0:03:04]} Qxe2 {[%emt 0:01:05]} 33. Nh4 {[%emt 0:01:03]} Nb4 {[%emt 0:00:57]} 34. Rg3 {[%emt 0:00:05]} Qxc4 {[%emt 0:00:58]} 35. Rxc4 {[%emt 0:01:04]} Bd6 {[%emt 0:00:12]} 36. Rg2 {[%emt 0:00:23]} Nxh3+ {[%emt 0:00:08]} 37. Kf1 {[%emt 0:00:45]} Nf4 {[%emt 0:00:35]} 38. Bxf4 {[%emt 0:00:05]} Bxf4 {[%emt 0:00:01]} 39. f3 {[%emt 0:00:53]} Bg5 {[%emt 0:00:16]} 40. Rh2 {[%emt 0:00:32]} d3 {[%emt 0:00:00]} 41. Nd2 {[%emt 0:02:03]} Nc2 {[%emt 0:15:12]} 42. Re4 {[%emt 0:01:30]} Nd4 {[%emt 0:05:07]} 43. f4 {[%emt 0:01:30]} Bxh4 {[%emt 0:00:05]} 44. Rxh4 {[%emt 0:00:30]} Rb8 {[%emt 0:00:07]} 45. Rxh6 {[%emt 0:02:30]} Nxb3 {[%emt 0:01:01]} 46. Rh2 {[%emt 0:00:30]} Nxd2+ {[%emt 0:00:23]} 47. Rxd2 {[%emt 0:00:00]} Rb1+ {[%emt 0:00:44]} 48. Kf2 {[%emt 0:00:00]} Rc1 {[%emt 0:00:15]} 49. f5 {[%emt 0:01:30]} c4 {[%emt 0:00:13]} 50. Re3 {[%emt 0:00:00]} gxf5 {[%emt 0:02:16]} 51. gxf5 {[%emt 0:00:00]} Kg7 {[%emt 0:00:06]} 52. f6+ {[%emt 0:06:30]} Kxf6 {[%emt 0:00:07]} 53. Kg2 {[%emt 0:00:30]} Rg8+ {[%emt 0:00:40]} 54. Kh2 {[%emt 0:00:30]} Rf1 {[%emt 0:01:14]} 55. a5 {[%emt 0:01:44]} Rf5 {[%emt 0:00:58]} 56. Rh3 {[%emt 0:01:24]} Ke5 {[%emt 0:00:38]} 57. Rh4 {[%emt 0:01:14]} Rf4 {[%emt 0:00:16]} 0-1

[Event "1.Frauenbundesliga 2018-19"]
[Site "Germany"]
[Date "2019.01.13"]
[Round "6.10"]
[White "Brandt, Carina"]
[Black "Mader, Manuela"]
[Result "0-1"]
[WhiteElo "2093"]
[BlackElo "2166"]
[Annotator "NA"]
[PlyCount "64"]
[EventDate "2018.10.27"]
[EventType "team-tourn"]
[EventCountry "GER"]
[SourceTitle "playchess.com"]
[Source "ChessBase"]
[SourceQuality "1"]
[TimeControl "40/5400+30:1800+30"]

1. e4 {[%emt 0:00:30]} d5 {[%emt 0:03:30]} 2. exd5 {[%emt 0:00:00]} Qxd5 {[%emt 0:00:30]} 3. Nc3 {[%emt 0:00:00]} Qd6 {[%emt 0:00:30]} 4. d4 {[%emt 0:00:00]} Nf6 {[%emt 0:00:00]} 5. Nf3 {[%emt 0:01:00]} a6 {[%emt 0:00:00]} 6. g3 {[%emt 0:00:00]} Bg4 {[%emt 0:00:00]} 7. Bg2 {[%emt 0:00:00]} c6 {[%emt 0:00:00]} 8. O-O {[%emt 0:00:30]} e6 {[%emt 0:00:30]} 9. Bf4 {[%emt 0:00:30]} Qd8 {[%emt 0:00:00]} 10. h3 {[%emt 0:00:30]} Bxf3 {[%emt 0:00:00]} 11. Qxf3 {[%emt 0:05:30]} Be7 {[%emt 0:01:30]} 12. Be5 {[%emt 0:03:30]} O-O {[%emt 0:00:30]} 13. g4 {[%emt 0:02:30]} Nbd7 {[%emt 0:02:30]} 14. Bg3 {[%emt 0:04:30]} Nb6 {[%emt 0:05:30]} 15. g5 {[%emt 0:14:30]} Ne8 {[%emt 0:03:30]} 16. h4 {[%emt 0:00:30]} Qxd4 {[%emt 0:06:30]} 17. Rfd1 {[%emt 0:00:30]} Qc5 {[%emt 0:03:30]} 18. Ne4 {[%emt 0:06:30]} Qxc2 {[%emt 0:12:30]} 19. h5 {[%emt 0:24:30]} f5 {[%emt 0:08:30]} 20. gxf6 {[%emt 0:00:30]} Nxf6 {[%emt 0:00:30]} 21. Qe3 {[%emt 0:15:18]} Nbd5 {[%emt 0:29:30]} 22. Nxf6+ {[%emt 0:00:36]} Rxf6 {[%emt 0:00:30]} 23. Bxd5 {[%emt 0:01:02]} cxd5 {[%emt 0:01:30]} 24. Rac1 {[%emt 0:04:05]} Qf5 {[%emt 0:00:30]} 25. Rc7 {[%emt 0:01:14]} Qxh5 {[%emt 0:03:20]} 26. Rdc1 {[%emt 0:01:17]} Rh6 {[%emt 0:08:52]} 27. Kf1 {[%emt 0:03:48]} Re8 {[%emt 0:02:36]} 28. Qe5 {[%emt 0:05:25]} Qf3 {[%emt 0:00:53]} 29. Ke1 {[%emt 0:02:01]} Bb4+ {[%emt 0:00:20]} 30. R1c3 {[%emt 0:00:01]} Rh1+ {[%emt 0:00:26]} 31. Kd2 {[%emt 0:00:08]} Qd1+ {[%emt 0:00:36]} 32. Ke3 {[%emt 0:00:04]} Re1+ {[%emt 0:00:04]} 0-1

[Event "1.Frauenbundesliga 2018-19"]
[Site "Germany"]
[Date "2019.01.13"]
[Round "6.11"]
[White "Kiefhaber, Veronika"]
[Black "Sherif, Amina"]
[Result "1/2-1/2"]
[WhiteElo "2156"]
[BlackElo "1950"]
[Annotator "NA"]
[PlyCount "51"]
[EventDate "2018.10.27"]
[EventType "team-tourn"]
[EventCountry "GER"]
[SourceTitle "playchess.com"]
[Source "ChessBase"]
[SourceQuality "1"]
[TimeControl "40/5400+30:1800+30"]

1. e4 {[%emt 0:04:30]} c5 {[%emt 0:00:30]} 2. c3 {[%emt 0:00:00]} Nf6 {[%emt 0:00:30]} 3. e5 {[%emt 0:00:00]} Nd5 {[%emt 0:00:00]} 4. Nf3 {[%emt 0:03:30]} Nc6 {[%emt 0:00:00]} 5. Bc4 {[%emt 0:00:30]} Nb6 {[%emt 0:00:30]} 6. Bb3 {[%emt 0:00:30]} d5 {[%emt 0:00:30]} 7. exd6 {[%emt 0:00:30]} Qxd6 {[%emt 0:00:30]} 8. Na3 {[%emt 0:00:30]} Be6 {[%emt 0:01:30]} 9. d4 {[%emt 0:02:30]} Bxb3 {[%emt 0:12:30]} 10. Qxb3 {[%emt 0:01:30]} cxd4 {[%emt 0:02:30]} 11. Nb5 {[%emt 0:01:30]} Qd7 {[%emt 0:00:00]} 12. Nbxd4 {[%emt 0:01:30]} Nxd4 {[%emt 0:01:00]} 13. Nxd4 {[%emt 0:00:30]} e6 {[%emt 0:01:30]} 14. Bf4 {[%emt 0:05:30]} Bd6 {[%emt 0:06:30]} 15. Bxd6 {[%emt 0:05:30]} Qxd6 {[%emt 0:00:30]} 16. O-O {[%emt 0:00:00]} O-O {[%emt 0:00:00]} 17. Rad1 {[%emt 0:03:00]} Rfd8 {[%emt 0:03:00]} 18. Nb5 {[%emt 0:17:30]} Qb8 {[%emt 0:06:30]} 19. Rxd8+ {[%emt 0:01:30]} Qxd8 {[%emt 0:00:30]} 20. Rd1 {[%emt 0:00:00]} Qb8 {[%emt 0:01:30]} 21. Rd4 {[%emt 0:14:00]} Qe5 {[%emt 0:09:30]} 22. Qd1 {[%emt 0:05:30]} h6 {[%emt 0:03:30]} 23. Nd6 {[%emt 0:02:30]} Rd8 {[%emt 0:13:30]} 24. h3 {[%emt 0:04:30]} Rd7 {[%emt 0:00:30]} 25. Qd2 {[%emt 0:03:30]} a6 {[%emt 0:17:38]} 26. Qd1 {[%emt 0:07:48]} 1/2-1/2

[Event "1.Frauenbundesliga 2018-19"]
[Site "Germany"]
[Date "2019.01.13"]
[Round "6.12"]
[White "Waechter, Nathalie"]
[Black "Moingt, Anne"]
[Result "1/2-1/2"]
[WhiteElo "2055"]
[BlackElo "2066"]
[Annotator "NA"]
[PlyCount "93"]
[EventDate "2018.10.27"]
[EventType "team-tourn"]
[EventCountry "GER"]
[SourceTitle "playchess.com"]
[Source "ChessBase"]
[SourceQuality "1"]
[TimeControl "40/5400+30:1800+30"]

1. d4 {[%emt 0:00:30]} Nf6 {[%emt 0:03:30]} 2. c4 {[%emt 0:02:30]} e6 {[%emt 0:02:30]} 3. Nc3 {[%emt 0:00:00]} Bb4 {[%emt 0:00:00]} 4. Nf3 {[%emt 0:00:00]} O-O {[%emt 0:01:00]} 5. a3 {[%emt 0:00:30]} Bxc3+ {[%emt 0:04:30]} 6. bxc3 {[%emt 0:00:30]} c5 {[%emt 0:01:30]} 7. Qc2 {[%emt 0:08:30]} d6 {[%emt 0:02:30]} 8. e4 {[%emt 0:03:30]} e5 {[%emt 0:15:30]} 9. Bd3 {[%emt 0:05:30]} Nc6 {[%emt 0:03:30]} 10. dxc5 {[%emt 0:12:30]} dxc5 {[%emt 0:00:30]} 11. Bg5 {[%emt 0:00:30]} Qe7 {[%emt 0:03:30]} 12. h3 {[%emt 0:10:30]} b6 {[%emt 0:02:30]} 13. O-O {[%emt 0:00:30]} Rd8 {[%emt 0:08:30]} 14. Rfd1 {[%emt 0:12:30]} Ba6 {[%emt 0:02:30]} 15. Nh2 {[%emt 0:07:30]} h6 {[%emt 0:08:30]} 16. Bxf6 {[%emt 0:01:30]} Qxf6 {[%emt 0:00:00]} 17. Ng4 {[%emt 0:00:30]} Qe6 {[%emt 0:02:00]} 18. Ne3 {[%emt 0:00:30]} Na5 {[%emt 0:01:30]} 19. Nd5 {[%emt 0:03:30]} Rac8 {[%emt 0:00:00]} 20. Be2 {[%emt 0:01:30]} Qe8 {[%emt 0:01:00]} 21. Qa2 {[%emt 0:05:30]} Kf8 {[%emt 0:06:30]} 22. a4 {[%emt 0:00:30]} Qc6 {[%emt 0:00:30]} 23. Bd3 {[%emt 0:04:21]} Qg6 {[%emt 0:04:30]} 24. Qe2 {[%emt 0:02:06]} Bb7 {[%emt 0:03:30]} 25. Rf1 {[%emt 0:06:46]} Qd6 {[%emt 0:02:30]} 26. f4 {[%emt 0:02:46]} Bxd5 {[%emt 0:02:52]} 27. cxd5 {[%emt 0:05:36]} c4 {[%emt 0:03:21]} 28. Bc2 {[%emt 0:00:01]} Re8 {[%emt 0:00:22]} 29. f5 {[%emt 0:01:23]} f6 {[%emt 0:06:09]} 30. g4 {[%emt 0:01:25]} Qc5+ {[%emt 0:04:12]} 31. Kg2 {[%emt 0:00:16]} Ke7 {[%emt 0:00:39]} 32. Rfd1 {[%emt 0:00:57]} Kd6 {[%emt 0:00:27]} 33. Rdb1 {[%emt 0:00:22]} Qc7 {[%emt 0:01:16]} 34. Rb4 {[%emt 0:00:33]} Rg8 {[%emt 0:01:27]} 35. Rab1 {[%emt 0:00:43]} Qc5 {[%emt 0:01:26]} 36. Bd1 {[%emt 0:00:15]} Qc7 {[%emt 0:00:37]} 37. Rb5 {[%emt 0:00:27]} Rh8 {[%emt 0:00:40]} 38. Qe3 {[%emt 0:00:50]} Rb8 {[%emt 0:00:44]} 39. Qc1 {[%emt 0:00:34]} Kd7 {[%emt 0:00:47]} 40. Qd2 {[%emt 0:00:55]} Kd6 {[%emt 0:00:00]} 41. Bc2 {[%emt 0:05:14]} Qd8 {[%emt 0:04:01]} 42. Qf2 {[%emt 0:04:30]} Qc7 {[%emt 0:03:30]} 43. Qe3 {[%emt 0:01:30]} Qd8 {[%emt 0:01:30]} 44. Bd1 {[%emt 0:02:32]} Qc7 {[%emt 0:03:30]} 45. Be2 {[%emt 0:00:38]} Qd8 {[%emt 0:00:30]} 46. Qc1 {[%emt 0:06:26]} Qc7 {[%emt 0:01:30]} 47. Qe3 {[%emt 0:08:50]} 1/2-1/2